000 01484nam a2200265Ia 4500
003 OSt
005 20210419092908.0
008 210310s1984 ck ag gr 000 0 spa d
020 _a8476230001
020 _a8485696964
040 _aCO-JMCR
_cCO-JMCR
041 0 _aspa
082 0 4 _a658.8 /
_bC397m
_223
110 2 _aCentro Internacional para la Investigación y el Desarrollo profesional.
_936948
245 1 0 _aMercadotecnia 2001 :
_biniciación al marketing del futuro /
_cCentro Internacional para la Investigación y el Desarrollo profesional.
260 _aMadrid :
_bCorporación Científica,
_c1984
300 _a222 páginas :
_bilustraciones y graficas en blanco y negro ;
_c26 cm.
490 0 _aBiblioteca Internacional de Avances en ciencias empresariales
504 _aBibliografía: páginas 215.
505 0 _aEl intercambio comercial. Antecedentes del Marketing. -- Hacia el desarrollo del Marketing. -- El marketing del consumo. -- Estrategias políticas Marketing: decisiones y consecuencias. -- Factores de Marketing. -- El mercado y su evolución. -- La determinación del mercado potencial. -- El plan de Marketing. -- Marketing Mix. -- Congruencia del plan de Marketing con otros planes de la Empresa. -- El terreno de lo concreto. -- Centro del plan de Marketing. -- Nuevas tendencias; nuevas aplicaciones.
650 1 4 _aPlan de Marketing.
_936949
650 2 4 _aMarketing.
_936950
650 2 4 _aTendencias de MArketing
_936951
942 _2ddc
_cBK
999 _c11478
_d11478